Guided composition exercises
Sábháilte in:
| Príomhchruthaitheoir: | |
|---|---|
| Formáid: | LEABHAR |
| Teanga: | Béarla |
| Foilsithe / Cruthaithe: |
Londres
Longman
1967
|
| Ábhair: | |
| Clibeanna: |
Cuir clib leis
Níl clibeanna ann, Bí ar an gcéad duine le clib a chur leis an taifead seo!
|
MARC
| LEADER | 00000nam a2200000 a 4500 | ||
|---|---|---|---|
| 001 | UCQ3619 | ||
| 003 | CL-VaPUC | ||
| 008 | 980821e19670000UK |||||||||||||||||eng|d | ||
| 082 | 0 | 4 | |a 808.042 |b SPE |2 21 |
| 100 | 0 | |a Spencer, D. H |e author |9 417861 | |
| 245 | 1 | 0 | |a Guided composition exercises |
| 300 | |a 57 p | ||
| 942 | |c BK | ||
| 945 | |d 19980821 00:00:00 |a crobeson | ||
| 260 | |a Londres |b Longman |c 1967 | ||
| 650 | 0 | |a Inglés |9 260023 | |
| 650 | 0 | |a Composición literaria |9 324494 | |
| 650 | 0 | |a Retórica |9 266620 | |
| 650 | 0 | |a Redacción |9 320524 | |
| 650 | 7 | |a LECCIONES |2 CL-VaPUC |9 351131 | |
| 650 | 0 | |a Enseñanza de idiomas |9 339820 | |
| 650 | 0 | |a Educación lingüística |9 306506 | |
| 583 | |a last modification |c 19980821 00:00:00 |k Rodrigo Vera | ||
| 999 | |c 274139 |d 274137 | ||
| 952 | |0 0 |1 0 |4 0 |6 808_042000000000000_SPE_1967 |7 0 |8 A |9 310222 |a BIBEDU |b BIBEDU |d 2019-11-20 |i 1456229 |o 808.042 SPE 1967 |p 1456229 |r 2019-11-20 |w 2019-11-20 |y BK |k LIT | ||